| 000 | 00649nam a2200205 i 4500 | ||
|---|---|---|---|
| 001 | 59598 | ||
| 003 | ES-MaACL | ||
| 007 | t| | ||
| 008 | 031029s1974 sp ||||1| spa d | ||
| 100 | 1 |
_aElton, G. R. _947112 |
|
| 245 | 1 | 3 |
_aLa Europa de la Reforma (1571-1559) / _cG.R. Elton ; [traductor, Jesús Fomperosa]. |
| 250 | _a[1ª ed.]. | ||
| 260 |
_a[Madrid] : _bSiglo Veintiuno, _c[1974] |
||
| 300 |
_a418 p. ; _c18 cm. |
||
| 490 | 1 | _aHistoria de Europa siglo veintiuno | |
| 700 | 1 |
_aFomperosa, Jesús. _951487 |
|
| 830 | 0 | 0 |
_aHistoria de Europa (Siglo XXI) _9182613 |
| 852 |
_aES-MaACL _jE-5446 _bR.89528 |
||
| 999 |
_c59598 _d59598 |
||